00872cam a2200205Ia 4500020002800000020003100028020001800059020001500077040000800092082002600100245002600126250001100152260003700163300003400200520034600234650002000580650001900600650002100619700002600640 a0072982861 (alk. paper) a9780072982862 (alk. paper) a9780073221540 a0073221546 cEDK a808 MCG 2006 A092 Or.00aMotives for writing / a5th ed aBoston, MA :bMcGraw-Hill,c2006 axxvi, 710 p. :bill. ;c23 cm aFrom the Publisher: This collection of primarily contemporary readings is organized around the various rhetorical purposes that motivate writers. Including detailed guides to writing motives such as Analyzing Texts, Analyzing Images, and Writing Arguments, this text provides a rhetorically grounded approach to academic writing and research 0aCollege readers 0aReport writing 0aEnglish language1 aMiller, Robert Keith,